Normal view
MARC view
Entry Geographic Name
001 - CONTROL NUMBER
- control field: 6278
003 - CONTROL NUMBER IDENTIFIER
- control field: OSt
005 - DATE AND TIME OF LATEST TRANSACTION
- control field: 20120109155104.0
008 - FIXED-LENGTH DATA ELEMENTS
- fixed length control field: 120109|||a|||||| | ||| d
040 ## - CATALOGING SOURCE
- Original cataloging agency: OSt
- Transcribing agency: OSt
151 ## - HEADING--GEOGRAPHIC NAME
- Geographic name: Africa
- General subdivision: Politics and government
- Form subdivision: Periodicals.
670 ## - SOURCE DATA FOUND
- Source citation: Work cat.: (OSt)4966: East African journal of peace & human rights. 2000 Vol.6, No.2, 2000-
